Levantamientos y trazado de caminos
Saved in:
| Main Author: | |
|---|---|
| Format: | Book |
| Language: | Spanish |
| Published: |
Madrid
Del Castillo
1969
|
| Edition: | 5a. ed |
| Subjects: | |
| Tags: |
Add Tag
No Tags, Be the first to tag this record!
|
MARC
| LEADER | 00000nam a2200000 a 4500 | ||
|---|---|---|---|
| 001 | UCU6281 | ||
| 003 | CL-VaPUC | ||
| 008 | 960614e19690000SP |||||||||||||||||spa|d | ||
| 082 | 0 | 4 | |a 625.7 |b HIC |2 21 |
| 100 | 0 | |a Hickerson, Thomas F |e author |9 364480 | |
| 245 | 1 | 0 | |a Levantamientos y trazado de caminos |
| 250 | |a 5a. ed | ||
| 300 | |a 692 p | ||
| 942 | |c BK | ||
| 945 | |d 19960614 00:00:00 |a paguirre | ||
| 260 | |a Madrid |b Del Castillo |c 1969 | ||
| 650 | 0 | |a Carreteras |9 260132 | |
| 650 | 7 | |a CALLES |2 CL-VaPUC |9 364295 | |
| 650 | 7 | |a MOVIMIENTO DE TIERRAS |2 CL-VaPUC |9 363911 | |
| 650 | 0 | |a Construcción de carreteras |9 260999 | |
| 650 | 0 | |a Ingeniería civil |9 260076 | |
| 583 | |a last modification |c 19960614 00:00:00 |k Rodrigo Vera | ||
| 999 | |c 249283 |d 249281 | ||
| 952 | |0 0 |1 0 |4 0 |6 625_700000000000000_HIC_1969 |7 0 |8 A |9 266461 |a BIBING |b BIBING |d 2019-11-19 |i 1685872 |o 625.7 HIC 1969 |p 1685872 |r 2025-01-20 |w 2019-11-19 |y BK |k CCL | ||